Malik Montana - Import/Export - Statystyki

Ogólne statystyki
  • Ten quiz został rozwiązany 62 razy
  • Średni wynik to 13 z 23
Statystyki odpowiedzi
Numer Gość Utwór % Poprawnych
10 K Koke Robię YEAH
90%
17 Mr. Polska Jagodzianki
84%
18 Bonez MC i Milonair 750
75%
1 Haftbefehl Skorpion
69%
22 Skorpion (Remix)
69%
14 Mr. Polska Driposaurus
63%
19 Lil Toe VvsNike
63%
7 Bedoes Khuda
61%
23 Kokaina (Outro)
59%
15 Łyżka
57%
5 K Koke Lizzy
55%
16 AHA
53%
8 MAAF Drueck
53%
4 Mona Lisa
53%
12 Za Pasem
53%
13 Mia Marie Cały Świat
51%
2 Jungle Boyz
51%
11 Milonair Nie Nie Nie
49%
6 mm7
47%
9 Niesprawiedliwe (Skit)
47%
3 DJ. Frodo Zielona Flegma
47%
21 Serce Bije
43%
20 Eldo Astaghfirullah
41%
Nie znaleziono quizów pasujących do podanych kryteriów
Rozkład punktacji
Procent ludzi z każdym wynikiem
Percentyl według liczby udzielonych odpowiedzi
Twoja historia wyników
Nie rozwiązałeś tego quizu